000 00612nam a2200193 a 4500
001 000045652
005 20201002052352.0
008 150421s2000 dr 000 0 spa d
020 _a9993433063
040 _aDO-SdBNP
_bspa
_cBNPHU
100 1 _aJavier, Adrián
_925420
245 1 0 _aIdioma de las furias /
_cAdrián Javier.
260 _aSanto Domingo :
_bMediabyte,
_c2000.
300 _a226 p. ;
_c25 cm.
490 1 _aLetras de molde
500 _aIncluye datos biografícos del autor en las solapas
590 _aPerteneció a la biblioteca personal de Erick Landestoy
830 0 _aLetras de molde
_98448
999 _c45141
_d45141